01481cam a2200325 a 4500001001000000003000400010005001700014008004100031020002500072020002200097040004000119082002200159100002800181245007500209250003000284260005200314300004000366500007500406500002400481500002700505650004700532650003500579653002200614655002400636942002200660999001700682952015200699952015200851952015201003015777389OSt20150324154508.0110316t2012 njua frd 001 0 eng d a9780132668880 (pbk.) a0132668882 (pbk.) aStDuBDSbengcStDuBDSdUkdEG-ScBUE04a621.3815222bFLO1 aFloyd, Thomas L.92335010aElectronic devices :bconventional current version /cThomas L. Floyd. a9th ed., International ed aNew Jersey :bPearson Education, Inc.,cc.2012. axv, 958 p. :bill. (col.) ;c28 cm. aPrevious ed. : Upper Saddle River, N.J. : Pearson Prentice Hall, 2008. aIndex : p. 951-958. aGlossary : p. 944-950. 0aElectronic apparatus and appliances911507 0aSolid state electronics936940 bENGELCcMarch2015 vreading book934232 2ddck621.3815 FLO c19114d19086 00102ddc40708BaccahaMAINbMAINc1STd2015-03-24epurchaseg270.00l8m34o621.3815 FLOp000037805r2025-07-15 00:00:00s2024-03-05v337.50yBB 00102ddc40708BaccahaMAINbMAINc1STd2015-03-24epurchaseg270.00l4m15o621.3815 FLOp000037769r2025-07-15 00:00:00s2022-03-01v337.50yBB 00102ddc40708BaccahaMAINbMAINc1STd2015-03-24epurchaseg270.00l2m15o621.3815 FLOp000037770r2025-07-15 00:00:00s2018-02-20v337.50yBB